Catálogo público

Aceites y Grasas Industriales / (Record no. 172762)

MARC details
000 -CABECERA
campo de control de longitud fija 00683nam a2200241Ia 4500
001 - NÚMERO DE CONTROL
campo de control dia_2243
003 - IDENTIFICADOR DEL NÚMERO DE CONTROL
campo de control CHAP
005 - FECHA Y HORA DE LA ÚLTIMA TRANSACCIÓN
campo de control 20230329132939.0
008 - DATOS DE LONGITUD FIJA--INFORMACIÓN GENERAL
campo de control de longitud fija 220117s1979 xx 000 0 und d
010 ## - NÚMERO DE CONTROL DE LA BIBLIOTECA DEL CONGRESO
Número de control de LC 172762
040 ## - FUENTE DE LA CATALOGACIÓN
Centro/agencia transcriptor CHAP
082 ## - NÚMERO DE LA CLASIFICACIÓN DECIMAL DEWEY
Número de clasificación 641.14 B3Y
100 ## - ENTRADA PRINCIPAL--NOMBRE DE PERSONA
Nombre de persona Bailey, Alton E.
9 (RLIN) 152457
245 ## - MENCIÓN DE TÍTULO
Título Aceites y Grasas Industriales /
Mención de responsabilidad, etc. por Alton E. Bailey, traducido por Luis Mora Cortaya
260 ## - PUBLICACIÓN, DISTRIBUCIÓN, ETC.
Lugar de publicación, distribución, etc. Buenos Aires :
Nombre del editor, distribuidor, etc. Reverté,
Fecha de publicación, distribución, etc. 1979
300 ## - DESCRIPCIÓN FÍSICA
Extensión 741 p.
500 ## - NOTA GENERAL
Nota general 1 fotocopia
650 ## - PUNTO DE ACCESO ADICIONAL DE MATERIA--TÉRMINO DE MATERIA
Término de materia o nombre geográfico como elemento de entrada 1.Aceites y grasas.
9 (RLIN) 152458
901 ## - ELEMENTOS DE DATOS A LOCAL LDA (RLIN)
a 641.14 B3Y
902 ## - ELEMENTOS DE DATOS B LOCAL, LDB (RLIN)
a M
905 ## - ELEMENTOS DE DATOS E LOCAL, LDE (RLIN)
a 0000001979 ARGX 0000000000ESP00
942 ## - ELEMENTOS DE PUNTO DE ACCESO ADICIONAL (KOHA)
Tipo de ítem Koha Libro
Fuente del sistema de clasificación o colocación Dewey Decimal Classification
Holdings
Estado de retiro Estado de pérdida Fuente del sistema de clasificación o colocación Estado dañado No para préstamo Código de colección Localización permanente Ubicación/localización actual Fecha de adquisición Información codificada de la localización en otra ubicación Total de préstamos Signatura topográfica completa Código de barras Fecha visto por última vez Fecha del último préstamo Número de copia Precio válido a partir de Tipo de ítem Koha
    Dewey Decimal Classification     General Ingenieria Agroindustrial Ingenieria Agroindustrial 18/01/2022 1 2 641.14 B3Y dia_2704 17/06/2025 06/06/2025 1 18/01/2022 Libro
    Dewey Decimal Classification     General Ingenieria Agroindustrial Ingenieria Agroindustrial 18/01/2022 1 1 641.14 B3Y dia_1926 05/06/2024 05/06/2024 1 18/01/2022 Libro